[Event "ROM-chT Rapid (Women)"]
[Site "Sebes"]
[Date "2023.12.02"]
[Round "6.2"]
[White "Bucur, Denisa Andreea"]
[Black "Cosma, Elena Luminita"]
[Result "1/2-1/2"]
[WhiteElo "1937"]
[BlackElo "2234"]
[PlyCount "47"]
[EventDate "2023.12.02"]
[EventType "team-tourn (rapid)"]
[EventRounds "7"]
[EventCountry "ROU"]
[SourceTitle "CB49_2023"]
[SourceDate "2023.12.06"]
[SourceVersion "1"]
[SourceVersionDate "2023.12.06"]
[SourceQuality "1"]
[WhiteTeam "Dinamo (W)"]
[BlackTeam "Bucharest ASE (W)"]
[WhiteTeamCountry "ROU"]
[BlackTeamCountry "ROU"]

1. Nf3 d5 2. e3 Nf6 3. b3 c5 4. Bb2 Nc6 5. Bb5 Bd7 6. 0-0 e6 7. c4 a6 8. Bxc6 Bxc6 9. Ne5 Rc8 10. Nxc6 Rxc6 11. cxd5 Qxd5 12. d4 cxd4 13. Bxd4 Be7 14. Nd2 0-0 15. Rc1 Rfc8 16. Rxc6 Qxc6 17. Nc4 b5 18. Ne5 Qe4 19. f3 Qc2 20. Qxc2 Rxc2 21. Rf2 Rc1+ 22. Rf1 Rc7 23. e4 h6 24. Be3 1/2-1/2

[Event "ROM-chT Blitz (Women)"]
[Site "Sebes"]
[Date "2022.12.04"]
[Round "1.3"]
[White "Ciolacu, Alessia Mihaela"]
[Black "Bucur, Denisa Andreea"]
[Result "1-0"]
[WhiteElo "2231"]
[BlackElo "1953"]
[PlyCount "65"]
[EventDate "2022.12.04"]
[EventType "team-tourn (blitz)"]
[EventRounds "6"]
[EventCountry "ROU"]
[SourceTitle "CBM 211 Extra"]
[Source "ChessBase"]
[SourceDate "2023.01.31"]
[SourceVersion "1"]
[SourceVersionDate "2023.01.31"]
[SourceQuality "1"]
[WhiteTeam "Bucharest CSU ASE (W)"]
[BlackTeam "Arnia Chess (W)"]
[WhiteTeamCountry "ROU"]
[BlackTeamCountry "ROU"]

1. d4 d5 2. c4 dxc4 3. e3 Nf6 4. Nf3 e6 5. Bxc4 a6 6. 0-0 Nbd7 7. a4 c5 8. Nc3 cxd4 9. exd4 Nb6 10. Bb3 Nbd5 11. a5 Bb4 12. Bxd5 Bxc3 13. Bxe6 Bxe6 14. bxc3 0-0 15. Ne5 Rc8 16. Ba3 Re8 17. Bc5 Qd5 18. c4 Qe4 19. Re1 Qh4 20. Ra3 Bg4 21. f3 Bf5 22. Rae3 Red8 23. Qb3 h5 24. Qxb7 Be6 25. Bb6 Rb8 26. Qxa6 Rxd4 27. Bxd4 Qxd4 28. Nc6 Bxc4 29. Nxd4 Bxa6 30. Rb3 Rd8 31. Nc6 Rd5 32. Rb6 Bc4 33. Ne7+ 1-0

[Event "ROM-chT Blitz (Women)"]
[Site "Sebes"]
[Date "2022.12.04"]
[Round "5.3"]
[White "Hoanca, Alexia Ioana"]
[Black "Bucur, Denisa Andreea"]
[Result "0-1"]
[WhiteElo "1540"]
[BlackElo "1953"]
[PlyCount "94"]
[EventDate "2022.12.04"]
[EventType "team-tourn (blitz)"]
[EventRounds "6"]
[EventCountry "ROU"]
[SourceTitle "CBM 211 Extra"]
[Source "ChessBase"]
[SourceDate "2023.01.31"]
[SourceVersion "1"]
[SourceVersionDate "2023.01.31"]
[SourceQuality "1"]
[WhiteTeam "Bucharest CSU (W)"]
[BlackTeam "Arnia Chess (W)"]
[WhiteTeamCountry "ROU"]
[BlackTeamCountry "ROU"]

1. e4 c6 2. d4 d5 3. f3 e6 4. Nc3 Bb4 5. Bf4 Ne7 6. Qd3 Nd7 7. 0-0-0 0-0 8. Nge2 b5 9. g4 a5 10. h4 Ba6 11. Qe3 c5 12. exd5 Nxd5 13. Nxd5 exd5 14. dxc5 Bxc5 15. Qd2 Nb6 16. Nc3 Qf6 17. Bg5 Qc6 18. Kb1 d4 19. Ne4 Nc4 20. Bxc4 bxc4 21. Nxc5 Qxc5 22. Qxd4 Qb4 23. a3 Qb7 24. Qd7 Qxf3 25. Rdf1 Qe2 26. Re1 Qg2 27. Rhg1 Qh2 28. Rh1 Qg3 29. Rhg1 Qh2 30. Rh1 Qg3 31. Rhg1 Qh2 32. Rh1 Qg3 33. Rhg1 Qh2 34. Rh1 Qg3 35. Rhg1 Qh2 36. Rh1 Qb8 37. c3 Qb3 38. Bc1 Rab8 39. Qf5 Qxc3 40. Qc2 Qxa3 41. Rhf1 c3 42. Rf3 Bc4 43. b4 Rxb4+ 44. Bb2 Rxb2+ 45. Kc1 Rxc2+ 46. Kxc2 Qb2+ 47. Kd1 Qd2# 0-1

[Event "ROM-chT Rapid (Women)"]
[Site "Sebes"]
[Date "2022.12.03"]
[Round "3.3"]
[White "Bucur, Denisa Andreea"]
[Black "Ciolacu, Alessia Mihaela"]
[Result "0-1"]
[WhiteElo "1953"]
[BlackElo "2231"]
[PlyCount "46"]
[EventDate "2022.12.03"]
[EventType "team-swiss (rapid)"]
[EventRounds "6"]
[EventCountry "ROU"]
[SourceTitle "CBM 211 Extra"]
[Source "ChessBase"]
[SourceDate "2023.01.31"]
[SourceVersion "1"]
[SourceVersionDate "2023.01.31"]
[SourceQuality "1"]
[WhiteTeam "Arnia Chess (W)"]
[BlackTeam "Bucharest CSU ASE (W)"]
[WhiteTeamCountry "ROU"]
[BlackTeamCountry "ROU"]

1. e4 e5 2. Nf3 Nc6 3. Nc3 Nf6 4. a3 Be7 5. d4 exd4 6. Nxd4 d5 7. exd5 Nxd5 8. Nxc6 bxc6 9. Ne4 Bf5 10. Bd3 Qd7 11. 0-0 0-0 12. h3 Rad8 13. Qf3 Bg6 14. b3 f5 15. Ng3 Bf6 16. Rb1 Nc3 17. Rb2 f4 18. Nh5 Be5 19. Bc4+ Kh8 20. Nxf4 Be4 21. Qg3 Qf5 22. Be6 Qf6 23. Nh5 Ne2+ 0-1

[Event "Sebes Romanian Rapid op"]
[Site "Sebes"]
[Date "2022.12.02"]
[Round "3"]
[White "Butuza, Stefan Aurelian"]
[Black "Bucur, Denisa Andreea"]
[Result "0-1"]
[WhiteElo "1498"]
[BlackElo "1953"]
[PlyCount "47"]
[EventDate "2022.12.02"]
[EventType "swiss (rapid)"]
[EventRounds "8"]
[EventCountry "ROU"]
[SourceTitle "CBM 211 Extra"]
[Source "ChessBase"]
[SourceDate "2023.01.31"]
[SourceVersion "1"]
[SourceVersionDate "2023.01.31"]
[SourceQuality "1"]

1. e4 c5 2. c3 e6 3. d4 d5 4. exd5 exd5 5. Nf3 Nc6 6. Be3 c4 7. Nbd2 Bg4 8. Be2 Nf6 9. 0-0 Bd6 10. Re1 0-0 11. Qc2 b5 12. Ng5 Bxe2 13. Rxe2 Qc7 14. Nf1 h6 15. Nf3 b4 16. Ng3 Ng4 17. Qf5 Nxe3 18. Rxe3 Ne7 19. Qc2 Ng6 20. cxb4 Bxb4 21. Ne5 Nf4 22. Rc1 Ne6 23. Ne2 Qa5 24. Rd1 0-1

[Event "Wch U20 Girls 38th"]
[Site "Cala Gonone"]
[Date "2022.10.19"]
[Round "8"]
[White "Popovic, Mateja"]
[Black "Bucur, Denisa Andreea"]
[Result "0-1"]
[WhiteElo "1718"]
[BlackElo "1946"]
[PlyCount "68"]
[EventDate "2022.10.12"]
[EventType "swiss"]
[EventRounds "11"]
[EventCountry "ITA"]
[SourceTitle "CBM 210 Extra"]
[Source "ChessBase"]
[SourceDate "2022.11.30"]
[SourceVersion "1"]
[SourceVersionDate "2022.11.30"]
[SourceQuality "1"]

1. d4 Nf6 2. c4 e6 3. Nf3 b6 4. g3 Ba6 5. b3 Bb4+ 6. Bd2 Be7 7. Nc3 d5 8. cxd5 exd5 9. Bg2 0-0 10. 0-0 Re8 11. Re1 Bb7 12. Qc2 Nbd7 13. Bf4 a6 14. Ne5 Nf8 15. e4 Ne6 16. exd5 Nxf4 17. gxf4 Bb4 18. Rec1 Bxc3 19. Qxc3 Nxd5 20. Qc4 Rc8 21. Bh3 b5 22. Qc5 Rb8 23. Nd3 Qh4 24. Bg2 Re6 25. Bxd5 Rg6+ 26. Kf1 Qh3+ 27. Ke1 Bxd5 28. Ne5 Rd6 29. Qxc7 Rbd8 30. Rc3 Qf5 31. Rac1 h6 32. Nc6 Bxc6 33. Rxc6 Qe4+ 34. Kf1 Rxd4 0-1

[Event "Wch U20 Girls 38th"]
[Site "Cala Gonone"]
[Date "2022.10.13"]
[Round "3"]
[White "Bucur, Denisa Andreea"]
[Black "Rudzinska, Michalina"]
[Result "0-1"]
[WhiteElo "1946"]
[BlackElo "2259"]
[PlyCount "88"]
[EventDate "2022.10.12"]
[EventType "swiss"]
[EventRounds "11"]
[EventCountry "ITA"]
[SourceTitle "CBM 210 Extra"]
[Source "ChessBase"]
[SourceDate "2022.11.30"]
[SourceVersion "1"]
[SourceVersionDate "2022.11.30"]
[SourceQuality "1"]

1. d4 Nf6 2. Nf3 e6 3. c4 b6 4. Nc3 Bb7 5. a3 d5 6. cxd5 Nxd5 7. Bd2 Nd7 8. Qc2 c5 9. e4 Nxc3 10. Bxc3 cxd4 11. Nxd4 Be7 12. Bb5 a6 13. Bc6 Qc7 14. Bxb7 Qxb7 15. 0-0 0-0 16. Qe2 Rac8 17. Kh1 Nc5 18. f3 Rfd8 19. Rad1 Bf6 20. e5 Be7 21. Be1 Rd5 22. Bf2 Rcd8 23. f4 Qd7 24. Qf3 Na4 25. b3 Nc5 26. b4 Na4 27. Rd2 Rc8 28. Rfd1 Rc3 29. Rd3 Rxd3 30. Rxd3 g6 31. h3 Nb2 32. Rb3 Nc4 33. Rd3 b5 34. Qe4 a5 35. Be1 Nxa3 36. Rxa3 Rxd4 37. Qa8+ Kg7 38. Bc3 Rxf4 39. Rxa5 Qd3 40. Ra3 Rf1+ 41. Kh2 Bg5 42. Be1 Bf4+ 43. g3 Qe2+ 44. Qg2 Qxe1 0-1

[Event "ROM-chT (Women)"]
[Site "Oradea"]
[Date "2022.09.29"]
[Round "7.4"]
[White "Ciolacu, Alessia Mihaela"]
[Black "Bucur, Denisa Andreea"]
[Result "1-0"]
[WhiteElo "2147"]
[BlackElo "1946"]
[PlyCount "77"]
[EventDate "2022.09.23"]
[EventType "team-tourn"]
[EventRounds "7"]
[EventCountry "ROU"]
[SourceTitle "CBM 210 Extra"]
[Source "ChessBase"]
[SourceDate "2022.11.30"]
[SourceVersion "1"]
[SourceVersionDate "2022.11.30"]
[SourceQuality "1"]

1. Nf3 Nf6 2. c4 e6 3. Nc3 Bb4 4. Qc2 0-0 5. a3 Bxc3 6. Qxc3 c5 7. g3 b6 8. Bg2 Bb7 9. b4 d6 10. Bb2 e5 11. 0-0 Qc7 12. e3 Nbd7 13. d3 Rfe8 14. e4 Nf8 15. Nh4 Ne6 16. Qd2 Nd4 17. Bxd4 cxd4 18. Nf5 h6 19. f4 Nh7 20. Qf2 Bc8 21. g4 Bxf5 22. exf5 Rad8 23. Qg3 Qe7 24. fxe5 Qxe5 25. Qxe5 Rxe5 26. Rf4 Re2 27. Rxd4 Rd2 28. c5 bxc5 29. bxc5 d5 30. Rxd5 Rxd5 31. Bxd5 Rxd3 32. Bg2 Rc3 33. c6 Nf6 34. h3 Kf8 35. Rb1 Ke7 36. Rb7+ Kd6 37. Rxa7 Rc1+ 38. Kh2 Rc2 39. Rxf7 1-0

[Event "ROM-ch U20 Girls"]
[Site "Eforie Nord"]
[Date "2022.04.17"]
[Round "8"]
[White "Anghel, Maria"]
[Black "Bucur, Denisa Andreea"]
[Result "1/2-1/2"]
[WhiteElo "1870"]
[BlackElo "1977"]
[PlyCount "57"]
[EventDate "2022.04.11"]
[EventType "tourn"]
[EventRounds "9"]
[EventCountry "ROU"]
[SourceTitle "EXT 2023"]
[Source "ChessBase"]
[SourceDate "2022.10.05"]
[SourceVersion "1"]
[SourceVersionDate "2022.10.05"]
[SourceQuality "1"]

1. d4 d5 2. c4 c6 3. cxd5 cxd5 4. Nc3 Nf6 5. Bf4 Nc6 6. Rc1 a6 7. e3 Bf5 8. Nf3 Rc8 9. Bd3 Bxd3 10. Qxd3 e6 11. 0-0 Be7 12. h3 0-0 13. Ne5 Nxe5 14. Bxe5 Nd7 15. Bg3 Qb6 16. Rc2 Rc6 17. Rfc1 Rfc8 18. Na4 Qb5 19. Rxc6 Rxc6 20. Qxb5 Rxc1+ 21. Qf1 Rxf1+ 22. Kxf1 f6 23. Ke2 Kf7 24. f3 h5 25. Be1 g5 26. g4 hxg4 27. hxg4 Nb8 28. Kd3 Nc6 29. a3 1/2-1/2

[Event "ROM-ch U20 Girls"]
[Site "Eforie Nord"]
[Date "2022.04.12"]
[Round "3"]
[White "Bucur, Denisa Andreea"]
[Black "Anghel, Maria"]
[Result "1-0"]
[WhiteElo "1977"]
[BlackElo "1870"]
[PlyCount "55"]
[EventDate "2022.04.11"]
[EventType "tourn"]
[EventRounds "9"]
[EventCountry "ROU"]
[SourceTitle "EXT 2023"]
[Source "ChessBase"]
[SourceDate "2022.10.05"]
[SourceVersion "1"]
[SourceVersionDate "2022.10.05"]
[SourceQuality "1"]

1. c4 Nf6 2. Nf3 e6 3. e3 d5 4. b3 Be7 5. Be2 0-0 6. 0-0 c5 7. Bb2 dxc4 8. bxc4 b6 9. Qc2 Nc6 10. a3 Bb7 11. Rd1 h6 12. d3 Qc7 13. Nbd2 Rfd8 14. Rac1 Rac8 15. Nf1 a6 16. Qb1 Qb8 17. Bxf6 Bxf6 18. Qxb6 Qd6 19. Ng3 Rb8 20. Ne4 Qf8 21. Rb1 Ne5 22. Nxf6+ gxf6 23. Nxe5 fxe5 24. Qc7 Rdc8 25. Qxe5 Kh7 26. Rxb7 Rxb7 27. Qe4+ Kh8 28. Qxb7 1-0

[Event "ROM-ch blitz (Women)"]
[Site "Bucharest"]
[Date "2022.03.13"]
[Round "9"]
[White "Bucur, Denisa Andreea"]
[Black "Bulmaga, Irina"]
[Result "0-1"]
[WhiteElo "1725"]
[BlackElo "2184"]
[PlyCount "94"]
[EventDate "2022.03.13"]
[EventType "swiss (blitz)"]
[EventRounds "9"]
[EventCountry "ROU"]
[SourceTitle "EXT 2023"]
[Source "ChessBase"]
[SourceDate "2022.10.05"]
[SourceVersion "1"]
[SourceVersionDate "2022.10.05"]
[SourceQuality "1"]

1. d4 Nf6 2. Nf3 e6 3. c4 Bb4+ 4. Bd2 Qe7 5. g3 Nc6 6. Bg2 Bxd2+ 7. Qxd2 Ne4 8. Qc2 Qb4+ 9. Nc3 Nxc3 10. Qxc3 Qxc3+ 11. bxc3 0-0 12. 0-0 d6 13. d5 Na5 14. Nd2 e5 15. e4 b6 16. Rfb1 Nb7 17. Nb3 a5 18. a4 f5 19. f3 Bd7 20. c5 dxc5 21. Nd2 Nd6 22. Bh3 g6 23. Re1 Rae8 24. Bf1 Kg7 25. Nc4 Nxc4 26. Bxc4 Kf6 27. Bb3 h5 28. h4 f4 29. gxf4 exf4 30. Rad1 Ke5 31. Kf2 g5 32. hxg5 Rg8 33. Rg1 Rg6 34. Rg2 Kd6 35. Rh1 Rh8 36. Bd1 h4 37. Bc2 Ke5 38. Rgh2 h3 39. Rg1 Rh5 40. Bd3 Rhxg5 41. Rxg5+ Rxg5 42. Bf1 Rg3 43. Ke2 b5 44. axb5 Bxb5+ 45. Kf2 Bxf1 46. Kxf1 Rxf3+ 47. Ke2 Rxc3 0-1

[Event "ROM-ch Rapid (Women)"]
[Site "Bucharest"]
[Date "2022.03.12"]
[Round "6"]
[White "Bucur, Denisa Andreea"]
[Black "Peptan, Corina Isabela"]
[Result "1/2-1/2"]
[WhiteElo "2023"]
[BlackElo "2384"]
[PlyCount "63"]
[EventDate "2022.03.11"]
[EventType "swiss (rapid)"]
[EventRounds "9"]
[EventCountry "ROU"]
[SourceTitle "CBM 207 Extra"]
[Source "ChessBase"]
[SourceDate "2022.05.31"]
[SourceVersion "1"]
[SourceVersionDate "2022.05.31"]
[SourceQuality "1"]

1. d4 Nf6 2. Nf3 e6 3. c4 b6 4. Nc3 Bb4 5. e3 Bb7 6. Bd2 0-0 7. Bd3 d5 8. cxd5 exd5 9. 0-0 Nbd7 10. a3 Bxc3 11. Bxc3 Ne4 12. Be1 Re8 13. Nd2 Qg5 14. f4 Qh6 15. Nxe4 dxe4 16. Bb5 c6 17. Ba4 Nf6 18. Bf2 Rad8 19. Rc1 Nd5 20. Qe2 Rd6 21. Bb3 Bc8 22. Qc2 Nf6 23. Bg3 Bf5 24. Ba4 Nd5 25. Rfe1 Bd7 26. Qe2 a5 27. Bb3 Rg6 28. Bxd5 cxd5 29. Rc7 Bf5 30. Rec1 Rd6 31. Qb5 Red8 32. Rb7 1/2-1/2

[Event "ROM-ch (Women)"]
[Site "Eforie Nord"]
[Date "2022.02.23"]
[Round "5"]
[White "Bucur, Denisa Andreea"]
[Black "Matasaru, Stephanie"]
[Result "0-1"]
[WhiteElo "2023"]
[BlackElo "1861"]
[PlyCount "122"]
[EventDate "2022.02.20"]
[EventType "swiss"]
[EventRounds "9"]
[EventCountry "ROU"]
[SourceTitle "CBM 207 Extra"]
[Source "ChessBase"]
[SourceDate "2022.05.31"]
[SourceVersion "1"]
[SourceVersionDate "2022.05.31"]
[SourceQuality "1"]

1. Nf3 d5 2. e3 Nf6 3. b3 Bg4 4. Bb2 e6 5. c4 c6 6. Be2 Nbd7 7. d4 Bxf3 8. Bxf3 Bd6 9. 0-0 0-0 10. Nc3 Re8 11. g3 Nf8 12. Qc2 Ng6 13. Rad1 h5 14. e4 dxe4 15. Nxe4 Nxe4 16. Bxe4 f5 17. Bg2 Qg5 18. f4 Qe7 19. d5 cxd5 20. cxd5 Rac8 21. Qd3 Bc5+ 22. Kh1 Rcd8 23. Qc4 b5 24. Qxb5 exd5 25. Rxd5 Rxd5 26. Bxd5+ Kh7 27. Qb7 Qxb7 28. Bxb7 Re2 29. Rb1 h4 30. Bc8 hxg3 31. hxg3 Ne7 32. Ba6 Rd2 33. a3 Bf2 34. Bc3 Rd6 35. Bc4 Bxg3 36. Rf1 Ng6 37. Kg2 Bxf4 38. Rh1+ Bh6 39. Bb4 Rd4 40. Kf2 Ne5 41. Bc5 Rd2+ 42. Kg3 f4+ 43. Kh3 g5 44. Bxa7 g4+ 45. Kh4 Kg6 46. Bf7+ Kxf7 47. Bb8 Bg7 48. Bxe5 Bxe5 49. Kxg4 Kg6 50. Rc1 Rg2+ 51. Kf3 Rg3+ 52. Ke4 Re3+ 53. Kd5 Kf5 54. Rh1 Rxb3 55. a4 Rd3+ 56. Kc4 Ke4 57. a5 f3 58. a6 Ra3 59. Re1+ Kf4 60. Kb5 f2 61. Rd1 Ra1 0-1

[Event "EU-ch Hybrid U20 Girls"]
[Site "Tornelo INT"]
[Date "2021.10.15"]
[Round "8"]
[White "Bucur, Denisa Andreea"]
[Black "Afonasieva, Anna"]
[Result "0-1"]
[WhiteElo "2049"]
[BlackElo "2227"]
[PlyCount "84"]
[EventDate "2021.10.15"]
[EventType "tourn"]
[EventRounds "9"]
[EventCountry "NET"]
[SourceTitle "EXT 2023"]
[Source "ChessBase"]
[SourceDate "2022.10.05"]
[SourceVersion "1"]
[SourceVersionDate "2022.10.05"]
[SourceQuality "1"]
[WhiteTeam "Romania"]
[BlackTeam "Russia"]
[WhiteTeamCountry "ROU"]
[BlackTeamCountry "RUS"]

1. d4 d5 2. c4 c6 3. cxd5 cxd5 4. Bf4 Nc6 5. Nc3 Nf6 6. e3 a6 7. Rc1 g6 8. Bd3 Bg7 9. f3 0-0 10. Nge2 Re8 11. 0-0 Bd7 12. Qb3 Na5 13. Qa3 Rc8 14. Na4 Nc4 15. Bxc4 Rxc4 16. Rxc4 dxc4 17. Nc5 Bc6 18. e4 e6 19. Bg5 h6 20. Bh4 g5 21. Bf2 a5 22. e5 Nd5 23. b3 c3 24. Qc1 Bb5 25. Re1 Bxe2 26. Rxe2 b5 27. Nb7 Qb6 28. Nd6 Rd8 29. h4 Nf4 30. Re4 b4 31. Qc2 Qa6 32. Nc4 Rc8 33. Be3 Rxc4 34. bxc4 Qxc4 35. Bxf4 gxf4 36. Rxf4 Bxe5 37. Rg4+ Bg7 38. Kh2 f5 39. Rg6 Qxd4 40. Qb3 Qxh4+ 41. Kg1 Qe1+ 42. Kh2 Kf7 0-1

[Event "EU-ch Hybrid U20 Girls"]
[Site "Tornelo INT"]
[Date "2021.10.15"]
[Round "9"]
[White "Schulze, Lara"]
[Black "Bucur, Denisa Andreea"]
[Result "1/2-1/2"]
[WhiteElo "2250"]
[BlackElo "2049"]
[PlyCount "63"]
[EventDate "2021.10.15"]
[EventType "tourn"]
[EventRounds "9"]
[EventCountry "NET"]
[SourceTitle "EXT 2023"]
[Source "ChessBase"]
[SourceDate "2022.10.05"]
[SourceVersion "1"]
[SourceVersionDate "2022.10.05"]
[SourceQuality "1"]
[WhiteTeam "Germany"]
[BlackTeam "Romania"]
[WhiteTeamCountry "GER"]
[BlackTeamCountry "ROU"]

1. e4 c5 2. Nf3 e6 3. d4 cxd4 4. Nxd4 a6 5. Bd3 Nf6 6. 0-0 Qc7 7. Qe2 d6 8. f4 Nbd7 9. c4 Be7 10. Nc3 b6 11. Be3 Bb7 12. f5 e5 13. Nc2 Nc5 14. Bg5 Rc8 15. Bxf6 Bxf6 16. Ne3 Nxd3 17. Qxd3 Bg5 18. Kh1 0-0 19. f6 Qc5 20. fxg7 Rfd8 21. Nf5 Qxc4 22. Qg3 h6 23. h4 Bf4 24. Ne7+ Kh7 25. Qf3 Qe6 26. Nxc8 Rxc8 27. Nd5 Bxd5 28. exd5 Qg6 29. g3 Qxg3 30. Qxg3 Bxg3 31. Rxf7 Rc2 32. Rf3 1/2-1/2

[Event "EU-ch Hybrid U20 Girls"]
[Site "Tornelo INT"]
[Date "2021.10.15"]
[Round "4"]
[White "Sliwicka, Alicja"]
[Black "Bucur, Denisa Andreea"]
[Result "1-0"]
[WhiteElo "2304"]
[BlackElo "2049"]
[PlyCount "75"]
[EventDate "2021.10.15"]
[EventType "tourn"]
[EventRounds "9"]
[EventCountry "NET"]
[SourceTitle "EXT 2023"]
[Source "ChessBase"]
[SourceDate "2022.10.05"]
[SourceVersion "1"]
[SourceVersionDate "2022.10.05"]
[SourceQuality "1"]
[WhiteTeam "Poland"]
[BlackTeam "Romania"]
[WhiteTeamCountry "POL"]
[BlackTeamCountry "ROU"]

1. e4 e6 2. d4 d5 3. Nc3 Bb4 4. exd5 exd5 5. Bd3 Nf6 6. Nge2 0-0 7. 0-0 c6 8. a3 Bd6 9. Bf4 Be6 10. Qd2 Qc7 11. Bxd6 Qxd6 12. Nf4 Nbd7 13. Nce2 b5 14. Ng3 Rfe8 15. Rfe1 a6 16. c3 c5 17. dxc5 Nxc5 18. Bc2 Rad8 19. Rad1 Qb6 20. Nfh5 Nxh5 21. Nxh5 f6 22. Qf4 Bf7 23. Rxe8+ Bxe8 24. Qg4 Bxh5 25. Qxh5 g6 26. Qf3 Qd6 27. Qe3 Kg7 28. h4 Nd7 29. h5 Ne5 30. h6+ Kf7 31. Qd4 Nc4 32. b3 Ne5 33. a4 Qe6 34. axb5 axb5 35. Be4 Qg4 36. Bxd5+ Ke7 37. Qc5+ Rd6 38. Qxd6+ 1-0

[Event "ROM-chT (Women)"]
[Site "Mamaia"]
[Date "2021.10.08"]
[Round "8.3"]
[White "Doluhanova, Evgeniya"]
[Black "Bucur, Denisa Andreea"]
[Result "1-0"]
[WhiteElo "2209"]
[BlackElo "2049"]
[PlyCount "101"]
[EventDate "2021.10.02"]
[EventType "team-tourn"]
[EventRounds "10"]
[EventCountry "ROU"]
[SourceTitle "CBM 204 Extra"]
[Source "ChessBase"]
[SourceDate "2021.11.30"]
[SourceVersion "1"]
[SourceVersionDate "2021.11.30"]
[SourceQuality "1"]
[WhiteTeam "Arnia ChessIT (W)"]
[BlackTeam "Bucharest Dinamo (W)"]
[WhiteTeamCountry "ROU"]
[BlackTeamCountry "ROU"]

1. c4 e5 2. d3 Nf6 3. Nf3 Nc6 4. a3 d5 5. cxd5 Nxd5 6. e4 Nf6 7. Be2 a5 8. 0-0 h6 9. Be3 Be6 10. h3 Be7 11. Nc3 0-0 12. Rc1 Qd7 13. Na4 Nd4 14. Bxd4 exd4 15. Qc2 Rfd8 16. Qxc7 Qxa4 17. Qxe7 Qb3 18. Rfe1 b6 19. a4 Qxa4 20. Qa3 Qb5 21. Rc7 Rd7 22. Rxd7 Qxd7 23. Rc1 Qb5 24. Rc2 Rd8 25. Qe7 Qe8 26. Qxe8+ Nxe8 27. Rc6 b5 28. Rc5 Nd6 29. Nxd4 Bd7 30. Rd5 Nb7 31. Nxb5 Kf8 32. Nc3 Ke7 33. d4 Rb8 34. Re5+ Be6 35. Bg4 Nd6 36. Bxe6 fxe6 37. Rxa5 Rxb2 38. Ra7+ Kf8 39. Rd7 Nc4 40. d5 Rc2 41. Nb5 Rc1+ 42. Kh2 Nd2 43. g4 Nxe4 44. dxe6 Ng5 45. e7+ Ke8 46. Nc7+ Kxd7 47. e8Q+ Kxc7 48. Qe5+ Kc6 49. Qxg7 Ne6 50. Qxh6 Re1 51. h4 1-0

[Event "ROM-chT (Women)"]
[Site "Mamaia"]
[Date "2021.10.05"]
[Round "4.2"]
[White "Bulmaga, Irina"]
[Black "Bucur, Denisa Andreea"]
[Result "1-0"]
[WhiteElo "2396"]
[BlackElo "2049"]
[PlyCount "55"]
[EventDate "2021.10.02"]
[EventType "team-tourn"]
[EventRounds "10"]
[EventCountry "ROU"]
[SourceTitle "CBM 204 Extra"]
[Source "ChessBase"]
[SourceDate "2021.11.30"]
[SourceVersion "1"]
[SourceVersionDate "2021.11.30"]
[SourceQuality "1"]
[WhiteTeam "Bucharest ASE (W)"]
[BlackTeam "Bucharest Dinamo (W)"]
[WhiteTeamCountry "ROU"]
[BlackTeamCountry "ROU"]

1. e4 c5 2. Nf3 d6 3. d4 cxd4 4. Nxd4 Nf6 5. Nc3 g6 6. f3 Bg7 7. Be3 h5 8. Qd2 a6 9. a4 Nbd7 10. a5 Qc7 11. Na4 d5 12. Nb6 Nxb6 13. axb6 Qb8 14. Ra5 0-0 15. exd5 Nd7 16. Bd3 Ne5 17. 0-0 Nxd3 18. Qxd3 Qd6 19. Qd2 Rd8 20. c4 Bd7 21. Nb3 Rac8 22. Nc5 Rxc5 23. Bxc5 Qf6 24. b3 e6 25. Be3 Re8 26. d6 Bc6 27. Rd1 e5 28. d7 1-0

[Event "ROM-chT (Women)"]
[Site "Mamaia"]
[Date "2021.10.02"]
[Round "1.3"]
[White "Cosma, Elena Luminita"]
[Black "Bucur, Denisa Andreea"]
[Result "1/2-1/2"]
[WhiteElo "2296"]
[BlackElo "2049"]
[PlyCount "113"]
[EventDate "2021.10.02"]
[EventType "team-tourn"]
[EventRounds "10"]
[EventCountry "ROU"]
[SourceTitle "CBM 204 Extra"]
[Source "ChessBase"]
[SourceDate "2021.11.30"]
[SourceVersion "1"]
[SourceVersionDate "2021.11.30"]
[SourceQuality "1"]
[WhiteTeam "Timisoara Medicina (W)"]
[BlackTeam "Bucharest Dinamo (W)"]
[WhiteTeamCountry "ROU"]
[BlackTeamCountry "ROU"]

1. Nf3 Nf6 2. c4 e6 3. g3 c5 4. Bg2 Nc6 5. 0-0 d5 6. cxd5 exd5 7. d4 Be6 8. Nc3 c4 9. Ne5 Bb4 10. Bg5 Bxc3 11. bxc3 h6 12. Bxf6 Qxf6 13. Qa4 Rc8 14. e4 Qd8 15. Nxc6 bxc6 16. exd5 Bxd5 17. Bxd5 Qxd5 18. Rfe1+ Kf8 19. Qxa7 g6 20. Re5 Qf3 21. Qc5+ Kg7 22. Qxc4 h5 23. h4 Rhe8 24. Rae1 Rxe5 25. dxe5 Rd8 26. Qc5 Rd2 27. a4 Rc2 28. Qe3 Rxc3 29. Qxf3 Rxf3 30. Re3 Rf5 31. a5 f6 32. a6 fxe5 33. Rc3 e4 34. Rxc6 Ra5 35. Kf1 Ra2 36. Ke1 Kh7 37. Rc7+ Kh6 38. a7 g5 39. hxg5+ Kxg5 40. Kd1 Kg4 41. Kc1 Kf3 42. Kb1 Ra6 43. Rf7+ Kg2 44. Kc2 e3 45. fxe3 Kxg3 46. Kd3 h4 47. Rg7+ Kf2 48. Rh7 h3 49. Kc4 Kg2 50. Kb5 Ra1 51. Kb6 h2 52. e4 h1Q 53. Rxh1 Kxh1 54. e5 Rb1+ 55. Kc7 Rc1+ 56. Kb8 Rb1+ 57. Kc7 1/2-1/2